• 首页
  • 本馆介绍
  • 公告通知
  • 最新文献
  • 馆藏检索
  • 电子资源
  • 读者导购
  • 参考咨询
  • 我的图书馆
  • 登录
  • 详细信息显示
  • 放入我的书架
  • 预约/预借图书
  • 作者相关作品
  • 分类相关作品
  • 丛书相关作品
  • 出版社相关作品

书目信息

  • 表格格式
  • 工作单格式
  • 卡片格式
题名:
对抗荒漠化:反省我们的生态观
    
 
作者: 理纯 著
分册:  
出版信息: 北京   世界知识出版社  2015.12
页数: 186页
开本: 26cm
丛书名:
单 册:
中图分类: P941.73
科图分类:
主题词: 区域地理学:自然地理学
电子资源:
ISBN: 978-7-5012-5033-2
000 00636nam0 2200205 450
001 1134
005 20161008080708.52
010    @a978-7-5012-5033-2@b平装@dCNY39.00
100    @a20160830d2015 km y0chiy0120 ea
101 0  @achi
102    @aCN@b110000
200 1  @a对抗荒漠化:反省我们的生态观@Adui kang huang mo hua:fan xing wo men de sheng tai guan@f理纯著@Fli chun zhu
210    @a北京@c世界知识出版社@d2015.12
215    @a186页@d26cm
330    @a沙漠化-防治-研究
606 0  @a区域地理学:自然地理学
690    @aP941.73@v4
701  0 @a理纯@Ali chun@4著
801  0 @aCN@b唐山师范学院图书馆@c20160830
905    @aZUCC@dP941.73@e156
    
    对抗荒漠化:反省我们的生态观/理纯著.-北京:世界知识出版社,2015.12
    186页;26cm
    
    
    ISBN 978-7-5012-5033-2(平装):CNY39.00
    沙漠化-防治-研究
●
相关链接 在E读中查询图书 在五车中查询图书 在当当中查询图书 在豆瓣中查询图书


正题名:对抗荒漠化:反省我们的生态观     索取号:P941.73/156         预约/预借

序号 登录号 条形码 馆藏地/架位号 状态 备注
1 907038   209070388   第二样本阅览室/ [索取号:P941.73/156] 在馆    
2 907039   209070397   第三借阅区/ [索取号:P941.73/156] 在馆    
3 907040   209070404   第三借阅区/ [索取号:P941.73/156] 在馆    
4 907041   209070413   第三借阅区/ [索取号:P941.73/156] 在馆    
5 907042   209070422   第三借阅区/ [索取号:P941.73/156] 在馆    
唐山师范学院图书馆 欢迎您!
大连网信软件有限公司© 版权所有